000 00598cab a2200241 4500
001 ABS60285
008 090401t1999 xxu||||| |||| 00| 0 eng d
035 _a(Sirsi) u92081
041 _aeng
100 _aThornton, R
245 _aShow some euro vision
260 _c1999
350 _a0
490 _aEstates Gazette
_v(9910) 13 March 1999, 173-174(2)
650 _aCOMMERCIAL LEASES
650 _aEUROPEAN UNION
650 _aEUROS
650 _aPROPERTY TRANSACTIONS
650 _aSINGLE CURRENCY
690 _aPROPERTY-COMMERCIAL PROPERTY
942 _n0
948 _c15/03/1999
999 _c58382
_d58382